000 00870nam a2200217 i 4500
001 25819
003 ES-MaACL
005 20260115063024.0
007 t|
008 030103s1959 sp ||||1| spa d
100 1 _aAreilza, José María de,
_d1909-1998
_922575
245 1 0 _aPresente y futuro de las relaciones económicas entre España y los Estados Unidos
_b: conferencia pronunciada en la Sociedad Bilbaína el 10 de septiembre de 1959 /
_cpor José María de Areilza.
260 _aBilbao :
_bUniversidad Comercial de Deusto,
_c[1959]
300 _a29 p. ;
_c23 cm.
500 _aEs separata de: Boletín de Estudios Económicos, n. 47.
710 2 _aUniversidad Comercial de Deusto
_97096
710 2 _aSociedad Bilbaína
_96643
740 0 _aBoletin de Estudios Económicos.
852 _aES-MaACL
_j2016-F-18
_bR.44779
999 _c25819
_d25819